000 00983cam a22003137a 4500
003 CHAP
005 20220329142031.0
008 990322d1973 sp r 00010 spa d
010 _a77340
011 _a78312
020 _a8433565516
035 _a88202
040 _cCHAP
082 0 4 _a332.67
_bD4Y
100 0 0 _aDean, Joel.
_931435
245 1 0 _aPolítica de inversiones :
_bel presupuesto de capital para plantas industriales, instalaciones, maquinaria y nuevos productos
_c/por Joel Dean
260 _aBarcelona :
_bLabor,
_c1973.
300 _a154 p. :
_bgráfs.
590 _aBATCH-UPD
_b10
_c20130110
_lUCH01
_h0444
590 _aCONVERSION
_b10
_c20130109
_lUCH01
_h1343
650 1 4 _aCapital.
_918709
650 1 4 _aInversiones.
_960178
650 1 4 _aPlantas industriales.
_989009
650 1 4 _aToma de decisiones.
_9113662
901 _aBK
905 _aLilia Sánchez G.
942 _cLIBRO
949 _a332.67 D4Y
_bBC
_cLIBRO
_d33724000718805
_eLIBRO
_h94726
_i88202
_si
999 _c77340
_d77340